Paite hoih: (Record no. 7227)

MARC details
000 -LEADER
fixed length control field 00483nam a22001697a 4500
003 - CONTROL NUMBER IDENTIFIER
control field GBCCL
005 - DATE AND TIME OF LATEST TRANSACTION
control field 20241126110623.0
008 - FIXED-LENGTH DATA ELEMENTS--GENERAL INFORMATION
fixed length control field 180719b ||||| |||| 00| 0 eng d
040 ## - CATALOGING SOURCE
Transcribing agency gbc
082 ## - DEWEY DECIMAL CLASSIFICATION NUMBER
Classification number VER 415.5
Item number LIA
100 ## - MAIN ENTRY--PERSONAL NAME
Personal name Liankhohau, T.
9 (RLIN) 196
245 ## - TITLE STATEMENT
Title Paite hoih:
Remainder of title pau hinnanei hinna-in mi a hopihdan /
Statement of responsibility, etc. T. Liankhohau
260 ## - PUBLICATION, DISTRIBUTION, ETC.
Place of publication, distribution, etc. Lamka:
Name of publisher, distributor, etc. Lungdeih Publications,
Date of publication, distribution, etc. 2002
300 ## - PHYSICAL DESCRIPTION
Extent v, 132 p.;
Other physical details ill.,
Dimensions 20 cm.
650 ## - SUBJECT ADDED ENTRY--TOPICAL TERM
Topical term or geographic name entry element Language
General subdivision Paite
9 (RLIN) 12800
942 ## - ADDED ENTRY ELEMENTS (KOHA)
Source of classification or shelving scheme Dewey Decimal Classification
Koha item type Books
Koha issues (borrowed), all copies 2
Holdings
Withdrawn status Lost status Source of classification or shelving scheme Damaged status Not for loan Collection Home library Current Library Shelving location Date acquired Total checkouts Full call number Barcode Date last seen Copy number Price effective from Koha item type Total renewals Date last checked out
    Dewey Decimal Classification       GRACE BIBLE COLLEGE GRACE BIBLE COLLEGE Vernacular 2018-07-19   VER 415.5 LIA 006027 2018-07-19 c.1 2018-07-19 Books    
    Dewey Decimal Classification       GRACE BIBLE COLLEGE GRACE BIBLE COLLEGE Vernacular 2018-07-19   VER 415.5 LIA 006038 2025-05-01 c.2 2018-07-19 Books    
    Dewey Decimal Classification       GRACE BIBLE COLLEGE GRACE BIBLE COLLEGE Vernacular 2018-08-21 2 VER 415.5 LIA 002786 2025-05-01 c.3 2018-08-21 Books 13 2020-03-12
    Dewey Decimal Classification       GRACE BIBLE COLLEGE GRACE BIBLE COLLEGE Vernacular 2021-10-22   VER 415.5 LIA 004671 2025-05-01 c.4 2021-10-22 Books    
© Grace Bible College Library 2025